[Event "21. Intern. Travemünder Schach-Open"]
[Site "?"]
[Date "2004.12.27"]
[Round "1"]
[White "Marxen, Peter"]
[Black "Cao, Alfons"]
[Result "1-0"]
[WhiteElo "2212"]
[BlackElo "1659"]
[PlyCount "99"]
[EventDate "2004.??.??"]

1. e4 c5 2. Nf3 Nc6 3. d4 cxd4 4. Nxd4 g6 5. c4 Bg7 6. Be3 d6 7. Nc3 Nf6 8. Be2
Bd7 9. O-O O-O 10. Rc1 Rc8 11. b3 a6 12. f3 Nxd4 13. Bxd4 Bc6 14. Qd2 Nd7 15.
Bxg7 Kxg7 16. Kh1 Qa5 17. Rfd1 Rfd8 18. Rb1 Qb6 19. b4 Nf6 20. a4 e6 21. Qb2
Qc7 22. Rbc1 Qe7 23. b5 Be8 24. bxa6 bxa6 25. Rb1 Rb8 26. Qa3 Rxb1 27. Rxb1 Qc7
28. Qb4 Nd7 29. Rd1 Nc5 30. Qb2 Rb8 31. Nb5+ Kg8 32. Nxc7 Rxb2 33. Nxe8 Rxe2
34. Kg1 Nxa4 35. Rxd6 Rc2 36. Rxa6 Rxc4 37. Ra8 Nb6 38. Rb8 Rc8 39. Nf6+ Kg7
40. Nh5+ Kh6 41. Rxb6 Kxh5 42. Kf2 g5 43. Rb7 Kg6 44. Kg3 Rc6 45. Rb8 f5 46.
Rg8+ Kh6 47. h4 gxh4+ 48. Kxh4 fxe4 49. g4 Rc5 50. f4 1-0

[Event "21. Intern. Travemünder Schach-Open"]
[Site "?"]
[Date "2004.12.27"]
[Round "1"]
[White "Röß, David"]
[Black "Wiebe, Patrick"]
[Result "0-1"]
[WhiteElo "1655"]
[BlackElo "2210"]
[PlyCount "120"]
[EventDate "2004.??.??"]

1. d4 e6 2. Nf3 d5 3. Bf4 c5 4. e3 Nc6 5. c3 Bd6 6. Bg3 f5 7. Ne5 Nf6 8. Nd2
O-O 9. Ndf3 Ne4 10. Bd3 Nxg3 11. hxg3 Bxe5 12. dxe5 Qc7 13. Ng5 h6 14. Qh5 Nxe5
15. Be2 Bd7 16. f4 Be8 17. Qh3 Qe7 18. O-O-O Rd8 19. Qh4 Ng6 20. Qh3 Ne5 21.
Qh4 Bg6 22. fxe5 Qxg5 23. Qxg5 hxg5 24. Rhf1 c4 25. b4 cxb3 26. axb3 Kf7 27.
Rd4 Ke7 28. Rfd1 Rh8 29. Kd2 Rh2 30. Bf1 a6 31. Ke1 Rc8 32. c4 Bf7 33. Kf2 Rc7
34. Rc1 Rh8 35. c5 Rhc8 36. Rb4 Be8 37. Rb6 Bd7 38. b4 Rf8 39. Kf3 Bc6 40. Kf2
f4 41. Ra1 fxg3+ 42. Kxg3 Rf5 43. Bxa6 bxa6 44. Raxa6 Bd7 45. c6 Bxc6 46. Rxc6
Rxc6 47. Rxc6 Rxe5 48. Rc3 Re4 49. Rb3 Kd6 50. b5 Kc7 51. b6+ Kb7 52. Kf3 Rc4
53. Rb1 Rc3 54. Kf2 Rc6 55. Ke2 Rxb6 56. Rxb6+ Kxb6 57. Kd3 Kc5 58. Kc3 e5 59.
Kd3 Kb4 60. Ke2 Kc3 0-1

[Event "21. Intern. Travemünder Schach-Open"]
[Site "?"]
[Date "2004.12.27"]
[Round "1"]
[White "Bohnstorff, Michael"]
[Black "Seibert, Ralf"]
[Result "1-0"]
[WhiteElo "2205"]
[BlackElo "1635"]
[PlyCount "87"]
[EventDate "2004.??.??"]

1. d4 Nf6 2. Nf3 d6 3. c3 Nbd7 4. Bf4 c6 5. Qb3 Qc7 6. e3 e5 7. Bg3 Be7 8. Nbd2
O-O 9. dxe5 dxe5 10. Nc4 Ne4 11. Bxe5 Nxe5 12. Ncxe5 Bf6 13. Nc4 Be6 14. Qc2
Nc5 15. Be2 Rad8 16. O-O Bg4 17. Rad1 Bh5 18. Qf5 Bxf3 19. Bxf3 Qe7 20. Qc2 Nd7
21. Nd2 Ne5 22. Be2 Rd7 23. Ne4 Rfd8 24. Rd4 Ng6 25. Nxf6+ Qxf6 26. Rxd7 Rxd7
27. Rd1 Qd8 28. Rxd7 Qxd7 29. Qd3 Qc7 30. f4 Ne7 31. c4 g6 32. b3 Qa5 33. Kf2
Qb6 34. g4 c5 35. Qd7 Nc6 36. Bf3 Nb4 37. a3 Nc2 38. Bd5 Qf6 39. g5 Qf5 40.
Qxf5 gxf5 41. Bxb7 Nxa3 42. Ke2 Nc2 43. Kd2 Nb4 44. Bc8 1-0

[Event "21. Intern. Travemünder Schach-Open"]
[Site "?"]
[Date "2004.12.27"]
[Round "1"]
[White "Nacke, Lars"]
[Black "Bruhn, Boris"]
[Result "1-0"]
[WhiteElo "1652"]
[BlackElo "2200"]
[PlyCount "95"]
[EventDate "2004.??.??"]

1. d4 Nf6 2. c4 e6 3. Nf3 b6 4. g3 Ba6 5. Nbd2 Bb4 6. Qc2 Bb7 7. Bg2 Be4 8. Qd1
O-O 9. O-O Bb7 10. a3 Be7 11. b4 d5 12. c5 a6 13. Bb2 Nfd7 14. Nb3 Nc6 15. Rc1
f5 16. e3 Bf6 17. Nfd2 Qe8 18. cxb6 cxb6 19. f4 g5 20. Nf3 g4 21. Ne5 Ndxe5 22.
dxe5 Be7 23. Nd4 Nxd4 24. Bxd4 Bd8 25. Qd3 Bc6 26. Rf2 Bb5 27. Qb1 Ra7 28. Bf1
Ba4 29. Rb2 Bd7 30. Rc3 Rf7 31. Qc2 h5 32. Qf2 h4 33. e4 hxg3 34. hxg3 Rh7 35.
exf5 Qh5 36. Bg2 Rb7 37. fxe6 Qh2+ 38. Kf1 Bxe6 39. f5 Rbf7 40. f6 Rh5 41. Ke1
Bc7 42. Re2 Rf5 43. Qe3 Qh5 44. Rc6 Qg6 45. Rxe6 Rh5 46. Re8+ Kh7 47. Kd2 Qb1
48. Qd3+ 1-0

[Event "21. Intern. Travemünder Schach-Open"]
[Site "?"]
[Date "2004.12.27"]
[Round "1"]
[White "IM Kopylov, Michael"]
[Black "Jeß, Arne"]
[Result "1-0"]
[WhiteElo "2434"]
[BlackElo "1802"]
[PlyCount "81"]
[EventDate "2004.??.??"]

1. d4 d5 2. Nf3 Nf6 3. c4 e6 4. g3 c5 5. cxd5 exd5 6. Bg2 Nc6 7. O-O h6 8. Nc3
Be6 9. b3 Rc8 10. Bb2 cxd4 11. Nxd4 Nxd4 12. Qxd4 Bc5 13. Qa4+ Rc6 14. e4 O-O
15. exd5 Nxd5 16. Nxd5 Bxd5 17. Rad1 Rd6 18. Qg4 g6 19. Be5 Be6 20. Qf3 Rxd1
21. Rxd1 Qg5 22. Bf4 Qf5 23. Bxh6 Re8 24. Qxf5 Bxf5 25. Bxb7 Re2 26. Rd2 Bxf2+
27. Kg2 Re7 28. Kxf2 Rxb7 29. Rd8+ Kh7 30. Be3 Bb1 31. Rd2 Bf5 32. Rd6 Rc7 33.
Ra6 Rc2+ 34. Kf3 Rxh2 35. Rxa7 Be6 36. Bf2 Rh1 37. b4 Rb1 38. Bc5 Rb2 39. a4
Kg7 40. Bd4+ Kh6 41. Bxb2 1-0

[Event "21. Intern. Travemünder Schach-Open"]
[Site "?"]
[Date "2004.12.27"]
[Round "1"]
[White "Hobbuss, Udo"]
[Black "Goetz, Claus"]
[Result "1-0"]
[WhiteElo "2413"]
[BlackElo "1792"]
[PlyCount "71"]
[EventDate "2004.??.??"]

1. d4 d5 2. c4 e6 3. Nc3 Nf6 4. Bg5 Nbd7 5. e3 c6 6. Nf3 Qa5 7. Nd2 dxc4 8.
Bxf6 Nxf6 9. Nxc4 Qc7 10. Rc1 Be7 11. Be2 O-O 12. O-O Rd8 13. Qc2 Nd5 14. Rfd1
Nxc3 15. Qxc3 Bf6 16. b4 b6 17. f4 Bb7 18. Ne5 Rac8 19. Bf3 c5 20. Bxb7 Qxb7
21. bxc5 bxc5 22. dxc5 Rxd1+ 23. Rxd1 Qb5 24. c6 h6 25. Rc1 g5 26. h3 gxf4 27.
exf4 Qa4 28. Qg3+ Kf8 29. Nd7+ Ke7 30. Nxf6 Kxf6 31. Qc3+ Ke7 32. Qc5+ Ke8 33.
f5 Qxa2 34. f6 Rc7 35. Rd1 Qb3 36. Qf8+ 1-0

[Event "21. Intern. Travemünder Schach-Open"]
[Site "?"]
[Date "2004.12.27"]
[Round "1"]
[White "IM Heyken, Enno"]
[Black "Hamar, Robert"]
[Result "1-0"]
[WhiteElo "2330"]
[BlackElo "1776"]
[PlyCount "31"]
[EventDate "2004.??.??"]

1. d4 Nf6 2. Bg5 d5 3. Bxf6 exf6 4. e3 Bd6 5. c4 dxc4 6. Bxc4 O-O 7. Nc3 Nc6 8.
Qf3 Re8 9. Nge2 Bb4 10. O-O Bxc3 11. Nxc3 Ne7 12. Rfd1 Ng6 13. Rac1 c6 14. Bb3
Nh4 15. Qh5 f5 16. Bxf7+ 1-0

[Event "21. Intern. Travemünder Schach-Open"]
[Site "?"]
[Date "2004.12.27"]
[Round "1"]
[White "Zimmermann, Julian"]
[Black "Schwittay, Arnim"]
[Result "1-0"]
[WhiteElo "2321"]
[BlackElo "1769"]
[PlyCount "57"]
[EventDate "2004.??.??"]

1. e4 c5 2. c4 Nc6 3. Nc3 g6 4. g3 Bg7 5. Bg2 d6 6. d3 Nf6 7. Nge2 O-O 8. O-O
Ne8 9. f4 Nc7 10. Be3 Ne6 11. Qd2 Ned4 12. h3 Rb8 13. Rab1 a6 14. a3 b5 15.
cxb5 axb5 16. b4 Bd7 17. Bf2 Bxh3 18. Bxd4 cxd4 19. Bxh3 dxc3 20. Nxc3 Ra8 21.
Ra1 Nd4 22. Ra2 e6 23. Bg2 Ra7 24. a4 bxa4 25. Rxa4 Qb6 26. Kh2 Rc7 27. Nd1 Rc2
28. Qe1 Re2 29. Qc3 1-0

[Event "21. Intern. Travemünder Schach-Open"]
[Site "?"]
[Date "2004.12.27"]
[Round "1"]
[White "Stimpel, Franz"]
[Black "Raasch, Peter"]
[Result "1-0"]
[WhiteElo "2320"]
[BlackElo "1766"]
[PlyCount "94"]
[EventDate "2004.??.??"]

1. d4 d5 2. c4 Nc6 3. cxd5 Qxd5 4. Nf3 e5 5. Nc3 Bb4 6. a3 Bxc3+ 7. bxc3 Bg4 8.
Nxe5 Nxe5 9. dxe5 Qxe5 10. Qd4 Qxd4 11. cxd4 O-O-O 12. f3 Be6 13. e4 f6 14. Be3
Kb8 15. d5 Bd7 16. Bf4 g5 17. Bg3 h5 18. h4 g4 19. Rc1 Rc8 20. Kf2 Nh6 21. Rb1
Ka8 22. Be2 Nf7 23. Rb2 c5 24. Rhb1 b6 25. a4 c4 26. Rb4 c3 27. Rc1 Rc5 28. Kf1
gxf3 29. gxf3 Ne5 30. Bf2 Ra5 31. Rxc3 Bxa4 32. Bd4 Bd7 33. Rc7 Rc8 34. Bxe5
Bh3+ 35. Kf2 fxe5 36. Rxc8+ Bxc8 37. Bb5 Ra2+ 38. Kg3 a5 39. Rb3 Rd2 40. Be8
Ka7 41. Bxh5 a4 42. Rc3 Ba6 43. Be8 Bf1 44. h5 b5 45. Rc1 Rg2+ 46. Kh4 Bc4 47.
h6 Rd2 1-0

[Event "21. Intern. Travemünder Schach-Open"]
[Site "?"]
[Date "2004.12.27"]
[Round "1"]
[White "Wiecker, Stefan"]
[Black "FM Voigt, Martin"]
[Result "0-1"]
[WhiteElo "1757"]
[BlackElo "2301"]
[PlyCount "92"]
[EventDate "2004.??.??"]

1. e4 e6 2. d4 d5 3. Nc3 Bb4 4. e5 c5 5. a3 Bxc3+ 6. bxc3 Qc7 7. Be2 Nc6 8. Nf3
f6 9. exf6 Nxf6 10. Bd3 O-O 11. O-O e5 12. dxe5 Nxe5 13. Bf4 Nxf3+ 14. Qxf3 Qc6
15. Be5 c4 16. Bf5 Bxf5 17. Qxf5 Nd7 18. Qg5 Nxe5 19. Qxe5 Rae8 20. Qd4 Re2 21.
Rae1 Rxc2 22. Re7 Qf6 23. Qxd5+ Kh8 24. Qe5 Qxe5 25. Rxe5 Rxc3 26. Rc5 Rxa3 27.
Rxc4 h6 28. Rb4 b6 29. Rb2 Rc3 30. Rd1 Rfc8 31. g3 Rc1 32. Rxc1 Rxc1+ 33. Kg2
Kg8 34. Ra2 Rc7 35. f4 Kf7 36. Kf3 b5 37. Ke4 Ke6 38. g4 Rc4+ 39. Ke3 Ra4 40.
Rb2 a6 41. Rb3 Kd5 42. Rd3+ Kc5 43. Rd7 g5 44. f5 Rxg4 45. f6 Rf4 46. f7 a5 0-1

[Event "21. Intern. Travemünder Schach-Open"]
[Site "?"]
[Date "2004.12.27"]
[Round "2"]
[White "Bürmann, Jan"]
[Black "Jobava (GM), Baadur"]
[Result "0-1"]
[WhiteElo "2122"]
[BlackElo "2615"]
[PlyCount "80"]
[EventDate "2004.??.??"]

1. d4 Nf6 2. c4 g6 3. Nc3 Bg7 4. Nf3 O-O 5. g3 d6 6. Bg2 Nbd7 7. O-O e5 8. e4
c6 9. h3 Qa5 10. Be3 exd4 11. Bxd4 Nb6 12. Qe2 Re8 13. Nd2 Be6 14. Rac1 Rad8
15. b3 Bc8 16. Qd3 Nbd7 17. Rfe1 Nc5 18. Qc2 Ne6 19. Be3 Nd7 20. Nf3 Ne5 21.
Red1 Nxf3+ 22. Bxf3 Ng5 23. Bxg5 Qxg5 24. Bg2 f5 25. exf5 Bxf5 26. Qd2 Qxd2 27.
Rxd2 Bh6 28. f4 g5 29. Rcd1 gxf4 30. Rxd6 Rxd6 31. Rxd6 Bg7 32. g4 Bg6 33. Na4
Bf8 34. Rf6 Re1+ 35. Kf2 Ra1 36. Rxf4 Rxa2+ 37. Kg1 Ra1+ 38. Bf1 Bh6 39. Rf6
Kg7 40. Rd6 Be3+ 0-1

[Event "21. Intern. Travemünder Schach-Open"]
[Site "?"]
[Date "2004.12.27"]
[Round "2"]
[White "Miroshnichenko (GM), Evge"]
[Black "Wilms, Ingo"]
[Result "1-0"]
[WhiteElo "2615"]
[BlackElo "2118"]
[PlyCount "65"]
[EventDate "2004.??.??"]

1. e4 e5 2. Nf3 Nc6 3. Bb5 a6 4. Ba4 Nf6 5. O-O Be7 6. Re1 b5 7. Bb3 O-O 8. d4
d6 9. c3 Bg4 10. Be3 Na5 11. dxe5 Bxf3 12. Qxf3 dxe5 13. Bc2 Nc4 14. Bc1 Qd7
15. b3 Nb6 16. Nd2 c5 17. a4 bxa4 18. bxa4 a5 19. Bb3 Qc7 20. Nc4 Ne8 21. Qh5
Nd7 22. Rd1 Nef6 23. Qe2 Rfd8 24. f3 Nf8 25. Be3 Ne6 26. Qa2 Bf8 27. g3 Rxd1+
28. Rxd1 Rd8 29. Kg2 Nd7 30. Nxa5 Qxa5 31. Rxd7 h5 32. h4 Qxc3 33. Bd2 1-0

[Event "21. Intern. Travemünder Schach-Open"]
[Site "?"]
[Date "2004.12.27"]
[Round "2"]
[White "Jeske, Mark"]
[Black "Maiwald (GM), Jens-Uwe"]
[Result "0-1"]
[WhiteElo "2114"]
[BlackElo "2524"]
[PlyCount "90"]
[EventDate "2004.??.??"]

1. e4 c5 2. Nf3 e6 3. d4 cxd4 4. Nxd4 a6 5. Nc3 b5 6. Bd3 d6 7. O-O Nf6 8. Qe2
Be7 9. a4 b4 10. Na2 e5 11. Nf3 Nc6 12. c3 bxc3 13. Nxc3 O-O 14. Bg5 Bg4 15.
Be3 Nb4 16. Bc4 Qc8 17. Rac1 Qb7 18. Bg5 Nh5 19. Be3 Nf6 20. Bg5 Rab8 21. h3
Bh5 22. Qe3 Bg6 23. Nh4 Nh5 24. g3 Bxg5 25. Qxg5 Nf6 26. Nxg6 hxg6 27. Qe3 Qc8
28. Ne2 Qxh3 29. Rfd1 Rfd8 30. Qf3 Qg4 31. Qxg4 Nxg4 32. Rd2 Kf8 33. Bb3 Rb7
34. f3 Nf6 35. Rcd1 Ke7 36. Kf2 Rb6 37. Bc4 Nc6 38. Nc3 Nd4 39. Ne2 Nc6 40. Ke3
Na5 41. Rc1 Nb7 42. Rb1 Nc5 43. Nc3 Rb4 44. b3 Rdb8 45. Rbd1 Nxb3 0-1

[Event "21. Intern. Travemünder Schach-Open"]
[Site "?"]
[Date "2004.12.27"]
[Round "2"]
[White "Rabiega (GM), Robert"]
[Black "Meissner (WFM), Claudia"]
[Result "1-0"]
[WhiteElo "2524"]
[BlackElo "2112"]
[PlyCount "37"]
[EventDate "2004.??.??"]

1. e4 c5 2. c3 d5 3. exd5 Qxd5 4. d4 Nf6 5. Nf3 Nc6 6. dxc5 Qxc5 7. Be3 Qd5 8.
Na3 a6 9. Nc4 Bg4 10. Qb3 Bxf3 11. gxf3 Rb8 12. Be2 b5 13. Nb6 Qf5 14. Qa3 a5
15. Qb3 Nd7 16. Qxb5 Nce5 17. O-O-O g6 18. Rd5 Rxb6 19. Bxb6 1-0

[Event "21. Intern. Travemünder Schach-Open"]
[Site "?"]
[Date "2004.12.27"]
[Round "2"]
[White "Hobuss, Wolfgang"]
[Black "Kalinitschew (GM), Sergej"]
[Result "0-1"]
[WhiteElo "2108"]
[BlackElo "2517"]
[PlyCount "52"]
[EventDate "2004.??.??"]

1. Nf3 e6 2. g3 b6 3. Bg2 Bb7 4. O-O f5 5. b3 Nf6 6. Bb2 Be7 7. d3 O-O 8. Nbd2
Qe8 9. c4 c5 10. Qc2 Nc6 11. e4 fxe4 12. dxe4 Qh5 13. e5 Ng4 14. h3 Nh6 15. Qc3
Qg6 16. g4 Rf4 17. Qe3 Raf8 18. Kh1 Nb4 19. Ne1 Nxg4 20. hxg4 Rxg4 21. f3 Bg5
22. Qe2 Qh6+ 23. Kg1 Bxd2 24. fxg4 Be3+ 25. Rf2 Rxf2 26. Qxf2 Bxf2+ 0-1

[Event "21. Intern. Travemünder Schach-Open"]
[Site "?"]
[Date "2004.12.27"]
[Round "2"]
[White "Meister (IM), Jakov"]
[Black "Wiege, Gerald"]
[Result "1-0"]
[WhiteElo "2505"]
[BlackElo "2107"]
[PlyCount "123"]
[EventDate "2004.??.??"]

1. c4 f5 2. Nc3 Nf6 3. g3 g6 4. Bg2 Bg7 5. d3 d6 6. e4 Nc6 7. Nge2 e5 8. exf5
Bxf5 9. O-O Qd7 10. d4 O-O 11. d5 Nb4 12. Bg5 a5 13. Qd2 Na6 14. f3 Qf7 15. g4
Bd7 16. Ng3 Nc5 17. Be3 b6 18. Rae1 Qe7 19. Bg5 Qe8 20. h3 Kh8 21. Be3 Ng8 22.
Nge4 h6 23. Rf2 Rf7 24. Qc2 Kh7 25. Bf1 Qf8 26. Be2 Re8 27. h4 Ne7 28. h5 Rf4
29. hxg6+ Kh8 30. Ng3 Qf6 31. Nh5 Qxg6 32. Qxg6 Nxg6 33. Bxc5 bxc5 34. Bd3 e4
35. Nxg7 Kxg7 36. Rxe4 Ref8 37. Rxf4 Nxf4 38. Bf1 Re8 39. Kh2 Re1 40. Kg3 Ng6
41. Be2 Rc1 42. Nd1 a4 43. Ne3 a3 44. bxa3 Rc3 45. Nf1 Ne5 46. Kg2 Rxa3 47. Bd1
Nxc4 48. Bb3 Bb5 49. Rc2 Ne5 50. Nd2 Bd3 51. Rc1 Ba6 52. Kg3 Be2 53. Re1 Bb5
54. f4 Ng6 55. Nb1 Ra5 56. Nc3 c4 57. Bc2 Ra3 58. Re3 Bd7 59. Bxg6 Kxg6 60. f5+
Kf7 61. Kf4 Ba4 62. Ke4 1-0

[Event "21. Intern. Travemünder Schach-Open"]
[Site "?"]
[Date "2004.12.27"]
[Round "2"]
[White "Remy, Jochen"]
[Black "Voloshin (GM), Leonid"]
[Result "0-1"]
[WhiteElo "2102"]
[BlackElo "2494"]
[PlyCount "90"]
[EventDate "2004.??.??"]

1. c4 e5 2. g3 Nf6 3. Bg2 c6 4. d4 Bb4+ 5. Bd2 Bxd2+ 6. Qxd2 d6 7. Nc3 Qe7 8.
e3 O-O 9. Nge2 e4 10. O-O Bg4 11. h3 Bf3 12. Kh2 Bxg2 13. Kxg2 Nbd7 14. Rfd1
Rfe8 15. Rab1 a6 16. b4 Nb6 17. c5 Nc4 18. Qc1 d5 19. Na4 Nd7 20. Qc3 Qf6 21.
Ng1 b5 22. cxb6 Ndxb6 23. Nc5 Nc8 24. Qe1 N8d6 25. Rdc1 g5 26. Qe2 Qg6 27. Rb3
f5 28. Rd1 f4 29. gxf4 gxf4+ 30. Qg4 fxe3 31. fxe3 Nf5 32. Re1 Re7 33. Qxg6+
hxg6 34. Rc3 Kg7 35. Re2 Ree8 36. Kf2 Kh6 37. Kg2 Re7 38. h4 Nxh4+ 39. Kg3 Nf5+
40. Kg4 Kg7 41. Kh3 Kf6 42. Kg2 Rh8 43. Nh3 Rh5 44. Nf4 Rh4 45. Kf2 Ncxe3 0-1

[Event "21. Intern. Travemünder Schach-Open"]
[Site "?"]
[Date "2004.12.27"]
[Round "2"]
[White "Mainka (GM), Romuald"]
[Black "Schütze, Norman"]
[Result "1-0"]
[WhiteElo "2461"]
[BlackElo "2100"]
[PlyCount "43"]
[EventDate "2004.??.??"]

1. e4 c5 2. Nf3 d6 3. Bb5+ Bd7 4. Bxd7+ Qxd7 5. c4 Nc6 6. d4 cxd4 7. Nxd4 g6 8.
Nc3 Bg7 9. Be3 e6 10. Ndb5 Rd8 11. Nxa7 Nxa7 12. Bxa7 Bxc3+ 13. bxc3 b5 14. Be3
Qc6 15. O-O bxc4 16. Rb1 f6 17. Rb6 Qxe4 18. Rxd6 Rxd6 19. Qxd6 Kf7 20. Bc5 g5
21. Qd7+ Kg6 22. Bf8 1-0

[Event "21. Intern. Travemünder Schach-Open"]
[Site "?"]
[Date "2004.12.27"]
[Round "2"]
[White "Jakobeit, David"]
[Black "Kupreychnik (GM), Victor"]
[Result "0-1"]
[WhiteElo "2095"]
[BlackElo "2454"]
[PlyCount "44"]
[EventDate "2004.??.??"]

1. d4 Nf6 2. Nf3 d6 3. b3 g6 4. Bb2 Bg7 5. e3 O-O 6. Bd3 Nc6 7. a3 e5 8. Nbd2
Qe7 9. dxe5 dxe5 10. Ne4 Rd8 11. Qe2 Nd5 12. O-O-O h6 13. Bc4 Be6 14. g4 a6 15.
g5 b5 16. Bd3 h5 17. Nh4 b4 18. a4 Nc3 19. Qf3 Bg4 20. Nf6+ Qxf6 21. Qxg4 hxg4
22. gxf6 Nxd1 0-1

[Event "21. Intern. Travemünder Schach-Open"]
[Site "?"]
[Date "2004.12.27"]
[Round "2"]
[White "Muse (GM), Mladen"]
[Black "Rätsch, Kurt"]
[Result "1-0"]
[WhiteElo "2448"]
[BlackElo "2096"]
[PlyCount "51"]
[EventDate "2004.??.??"]

1. c4 e5 2. g3 Nf6 3. Bg2 c6 4. Nf3 e4 5. Nd4 Qb6 6. Nc2 d5 7. cxd5 cxd5 8. d3
Bc5 9. O-O O-O 10. Nc3 exd3 11. Qxd3 Be6 12. Na4 Qa5 13. Nxc5 Qxc5 14. Be3 Qa5
15. Bd4 Nbd7 16. a4 Rac8 17. b4 Qd8 18. Ne3 a5 19. bxa5 Qxa5 20. Rfb1 b6 21.
Rb5 Qa6 22. Nxd5 Nxd5 23. Bxd5 Bh3 24. Bc4 Qa8 25. f3 Rfd8 26. Rh5 1-0

[Event "21. Intern. Travemünder Schach-Open"]
[Site "?"]
[Date "2004.12.28"]
[Round "2"]
[White "Pogorelov (GM), Ruslan"]
[Black "Lieder, Konrad"]
[Result "1-0"]
[WhiteElo "2421"]
[BlackElo "2087"]
[PlyCount "83"]
[EventDate "2004.??.??"]

1. Nf3 d5 2. d4 Nf6 3. c4 c6 4. Nc3 dxc4 5. a4 Bf5 6. Ne5 Nbd7 7. Nxc4 Qc7 8.
g3 e5 9. dxe5 Nxe5 10. Bf4 Nfd7 11. Bg2 g5 12. Ne3 gxf4 13. Nxf5 O-O-O 14. Qc2
Nc5 15. O-O Ne6 16. Qe4 a5 17. gxf4 Ng4 18. e3 Rg8 19. Rfd1 Bc5 20. Rxd8+ Qxd8
21. Rd1 Qf6 22. h3 Nh6 23. Ng3 Qg7 24. f5 Nc7 25. Qf3 f6 26. Nce4 Be7 27. Nh5
Qf8 28. Neg3 Nf7 29. Nf4 Bd6 30. Ne6 Qe7 31. Ne4 Bb4 32. Kh1 Ne5 33. Qf4 Ne8
34. Rd8+ Qxd8 35. Nxd8 Nd3 36. Qf3 Ne1 37. Qd1 Nxg2 38. Ne6 Be7 39. N6c5 Bxc5
40. Nxc5 Rg7 41. Ne6 Rd7 42. Qe2 1-0

[Event "21. Intern. Travemünder Schach-Open"]
[Site "?"]
[Date "2004.12.27"]
[Round "2"]
[White "Skinke, Katrina"]
[Black "Kopylov (IM), Michael"]
[Result "0-1"]
[WhiteElo "2090"]
[BlackElo "2434"]
[PlyCount "76"]
[EventDate "2004.??.??"]

1. e4 c5 2. Nf3 d6 3. d4 cxd4 4. Nxd4 Nf6 5. Nc3 a6 6. Be3 Ng4 7. Bg5 h6 8. Bh4
g5 9. Bg3 Bg7 10. Be2 h5 11. h4 gxh4 12. Bxh4 Nc6 13. Nb3 Be6 14. Qd2 Rc8 15.
Rb1 Qb6 16. Nd5 Bxd5 17. exd5 Nb4 18. c3 Nxa2 19. Bxg4 hxg4 20. Qe3 Rxh4 21.
Qxb6 Rxh1+ 22. Kd2 Rxb1 23. Kc2 Rf1 24. Qxb7 Rxf2+ 25. Kb1 Nxc3+ 26. bxc3 Rf1+
27. Ka2 Rxc3 28. Qb8+ Kd7 29. Qb7+ Rc7 30. Qxa6 Rf2+ 31. Ka3 Bb2+ 32. Ka4 Rf4+
33. Kb5 Bc3 34. Qa3 Rb4+ 35. Ka6 Rcb7 36. Nc5+ dxc5 37. Qxc3 R4b6+ 38. Ka5 Rb3
0-1

[Event "21. Intern. Travemünder Schach-Open"]
[Site "?"]
[Date "2004.12.27"]
[Round "2"]
[White "Lindner, Ulrich"]
[Black "Knuth, Hannes"]
[Result "0-1"]
[WhiteElo "2067"]
[BlackElo "2299"]
[PlyCount "58"]
[EventDate "2004.??.??"]

1. e4 c5 2. Nf3 Nc6 3. d4 cxd4 4. Nxd4 Nf6 5. Nc3 e6 6. Be3 Bb4 7. f3 d5 8. Be2
e5 9. Nxc6 bxc6 10. exd5 cxd5 11. Bd2 O-O 12. O-O Bxc3 13. Bxc3 Qb6+ 14. Kh1 d4
15. Bd2 Qxb2 16. Bc4 Bf5 17. Bb3 Qa3 18. Qe1 Rfe8 19. Qg3 Qc5 20. Rfe1 Bg6 21.
Qg5 Rac8 22. Rac1 e4 23. Qxc5 Rxc5 24. fxe4 Bxe4 25. Ba4 Rec8 26. Bb4 Rg5 27.
Re2 d3 28. Rd2 Nd5 29. Bd7 Rxc2 0-1

[Event "21. Intern. Travemünder Schach-Open"]
[Site "?"]
[Date "2004.12.27"]
[Round "2"]
[White "Glienke, Manfred"]
[Black "Nielsen, Jens"]
[Result "1-0"]
[WhiteElo "2295"]
[BlackElo "2065"]
[PlyCount "61"]
[EventDate "2004.??.??"]

1. d4 f5 2. g3 Nf6 3. Bg2 e6 4. c4 Be7 5. Nc3 O-O 6. Nf3 d5 7. O-O c6 8. b3 Qe8
9. Ne5 Ne4 10. Nxe4 fxe4 11. f3 exf3 12. exf3 Nd7 13. Be3 Nxe5 14. dxe5 Qh5 15.
f4 Qxd1 16. Raxd1 Rd8 17. Kf2 b6 18. f5 Ba6 19. Rc1 d4 20. Bd2 Rac8 21. fxe6
Rc7 22. Kg1 Bc8 23. Bh3 Ba3 24. Rcd1 Re8 25. Rf3 a5 26. Rdf1 Bc5 27. Rf7 Rce7
28. Bg5 Bxe6 29. Rxe7 d3+ 30. Kh1 Bxe7 31. Bxe6+ 1-0

[Event "21. Intern. Travemünder Schach-Open"]
[Site "?"]
[Date "2004.12.27"]
[Round "2"]
[White "Schümann, Joachim"]
[Black "Trisic, Alexandar"]
[Result "0-1"]
[WhiteElo "2062"]
[BlackElo "2295"]
[PlyCount "65"]
[EventDate "2004.??.??"]

1. d3 d5 2. Nd2 e5 3. Ngf3 Bd6 4. e4 c6 5. d4 exd4 6. exd5 cxd5 7. Nxd4 Ne7 8.
N2f3 Nbc6 9. c3 Bg4 10. Be2 O-O 11. O-O a6 12. Be3 Qc7 13. h3 Bh5 14. Qd2 Rfe8
15. Rfe1 Rad8 16. Rac1 Bxf3 17. Bxf3 Ne5 18. Be2 Nc4 19. Bxc4 dxc4 20. Qc2 Nd5
21. Bg5 f6 22. Qf5 Qf7 23. Bd2 g6 24. Qf3 Be5 25. Nc2 b5 26. Be3 a5 27. Bd4 Nf4
28. Bxe5 fxe5 29. Red1 Rd3 30. Qc6 Ne2+ 31. Kf1 Nxc1 32. Rxc1 Rd2 33. f3 0-1

[Event "21. Intern. Travemünder Schach-Open"]
[Site "?"]
[Date "2004.12.27"]
[Round "2"]
[White "Jacob, Gunnar"]
[Black "Wahrenberg, Ralf"]
[Result "1-0"]
[WhiteElo "2283"]
[BlackElo "2052"]
[PlyCount "53"]
[EventDate "2004.??.??"]

1. d4 Nf6 2. c4 g6 3. Nc3 d5 4. cxd5 Nxd5 5. e4 Nxc3 6. bxc3 Bg7 7. Bc4 c5 8.
Ne2 O-O 9. Be3 cxd4 10. cxd4 Nc6 11. Rc1 a6 12. h4 h5 13. Nf4 Kh7 14. Bd5 Nb4
15. Bb3 e5 16. dxe5 Bxe5 17. Nd5 Nxd5 18. Qxd5 Qf6 19. Bg5 Qd6 20. O-O Rb8 21.
Qxd6 Bxd6 22. Rfd1 Ba3 23. Rc7 Kg7 24. Rd8 Rxd8 25. Rxf7+ Kh8 26. Bf6+ Kg8 27.
Rd7+ 1-0

[Event "21. Intern. Travemünder Schach-Open"]
[Site "?"]
[Date "2004.12.27"]
[Round "2"]
[White "Thomasson, Staffan"]
[Black "Laubsch, Bernd"]
[Result "0-1"]
[WhiteElo "2052"]
[BlackElo "2276"]
[PlyCount "108"]
[EventDate "2004.??.??"]

1. a3 g6 2. c4 Bg7 3. Nc3 Nf6 4. g3 d5 5. cxd5 Nxd5 6. Bg2 Nb6 7. Nf3 c5 8. O-O
Nc6 9. d3 O-O 10. Rb1 c4 11. dxc4 Qxd1 12. Rxd1 Nxc4 13. Nd2 Nxa3 14. bxa3 Bxc3
15. Ne4 Bd4 16. a4 Bb6 17. Ba3 Bf5 18. a5 Nxa5 19. Bxe7 Bxe4 20. Bxe4 Rfe8 21.
Rd7 Nc6 22. Bxc6 bxc6 23. e3 Rac8 24. Rc1 c5 25. Rc4 Rc6 26. Kf1 Rec8 27. e4
R6c7 28. Rxc7 Rxc7 29. Bd6 Rc6 30. e5 f6 31. f4 Kf7 32. Ke2 Ke6 33. Kd3 Kd5 34.
Bb8 Rc8 35. Bd6 Ba5 36. Ra4 c4+ 37. Kc2 Bb6 38. Ra2 h5 39. Kc3 Bd4+ 40. Kc2 Rc6
41. Ra5+ Ke4 42. Bb8 a6 43. exf6 Rxf6 44. Be5 Re6 45. Ra4 Bxe5 46. fxe5 Kd4 47.
Ra5 g5 48. Kd2 g4 49. Kc2 Rxe5 50. Rxa6 Re2+ 51. Kc1 Rxh2 52. Rd6+ Ke3 53. Rc6
Kf3 54. Rxc4 Kxg3 0-1

[Event "21. Intern. Travemünder Schach-Open"]
[Site "?"]
[Date "2004.12.27"]
[Round "2"]
[White "Degtiarev, Jewgeni"]
[Black "Jung, Gerald"]
[Result "1-0"]
[WhiteElo "2272"]
[BlackElo "2039"]
[PlyCount "67"]
[EventDate "2004.??.??"]

1. d4 Nf6 2. c4 g6 3. Nc3 Bg7 4. e4 O-O 5. f3 d6 6. Nge2 c5 7. d5 e6 8. Ng3
exd5 9. cxd5 Na6 10. Be2 Nc7 11. O-O Rb8 12. a4 b6 13. f4 Nd7 14. Nb5 Nxb5 15.
axb5 Bd4+ 16. Kh1 Rb7 17. Qc2 Qh4 18. Bd2 Nf6 19. Be1 Ng4 20. Bxg4 Qxg4 21. Bc3
Bxc3 22. Qxc3 Qd7 23. Qc4 Qe8 24. e5 dxe5 25. Ne4 f6 26. Nd6 Qd7 27. Nxb7 Bxb7
28. d6+ Kg7 29. fxe5 fxe5 30. Rxf8 Kxf8 31. b4 cxb4 32. Qxb4 Bd5 33. Re1 e4 34.
Qd4 1-0

[Event "21. Intern. Travemünder Schach-Open"]
[Site "?"]
[Date "2004.12.27"]
[Round "2"]
[White "Strache, Michael"]
[Black "Meier, David-Geffrey"]
[Result "1/2-1/2"]
[WhiteElo "2037"]
[BlackElo "2258"]
[PlyCount "42"]
[EventDate "2004.??.??"]

1. e4 e6 2. d4 d5 3. Nc3 Bb4 4. e5 Ne7 5. a3 Bxc3+ 6. bxc3 c5 7. h4 Nbc6 8. h5
h6 9. Qg4 Nf5 10. Bd3 Nce7 11. Nf3 Qa5 12. Bd2 Bd7 13. Qf4 c4 14. Be2 Nc6 15.
g4 Nfe7 16. Nh4 O-O-O 17. Qxf7 Rdf8 18. Qxg7 Rfg8 19. Qf6 Rf8 20. Qg7 Rfg8 21.
Qf6 Rf8 1/2-1/2